| 000 | 00536pab a2200193 454500 | ||
|---|---|---|---|
| 008 | 180718b2005 xxu||||| |||| 00| 0 eng d | ||
| 100 | _aDiskin, Abraham | ||
| 245 | _aWhy democracies collapse: the reasons for democratic failure and success | ||
| 260 | _c2005 | ||
| 300 | _ap.291-309. | ||
| 362 | _aJul | ||
| 650 | _aPolitics and government | ||
| 650 | _aPolitical parties | ||
| 650 | _aDemocracy | ||
| 700 | _aHazan, Reuven Y. | ||
| 700 | _aDiskin, Hanna | ||
| 773 | _aInternational Political Science Review | ||
| 909 | _a66905 | ||
| 999 |
_c66905 _d66905 |
||